000 00647nam a2200193 a 4500
005 20240920063910.0
008 991125s1969 mx 000 0 spa u
035 _aUPN01000041682
049 _aF
050 4 _aLB7
_bF66 no.11
100 1 _aRodríguez, Jorge Gabriel
245 1 0 _aNotas para la aplicación del método psico-social de educación de adultos de Paulo Freire /
_cJorge Gabriel Rodríguez.
260 _aMéxico :
_bCEE,
_c1969.
300 _a28 p.
440 0 _aFolleto de divulgación ;
_v11
600 1 2 _aFreire, Paulo,
_d1921-1997 -
_xCrítica e interpretación
_913760
650 4 _aEducación de adultos
_9956
905 _aLibro
999 _c41682
_d41682